Peculiar people, amazing lives : (Record no. 37596)

MARC details
000 -LEADER
fixed length control field 02026nam a22002897a 4500
005 - DATE AND TIME OF LATEST TRANSACTION
control field 2010072400340.0
010 ## - LCCN (DPL NO)
LC control number ENG-96462 B-446465-469
020 ## - INTERNATIONAL STANDARD BOOK NUMBER
International Standard Book Number 8125029869
Terms of availability 650.00 675.00
020 ## - INTERNATIONAL STANDARD BOOK NUMBER
International Standard Book Number 9788125029861
Terms of availability 650.00 675.00
035 ## - SYSTEM CONTROL NUMBER
System control number EN-79995 B-446465-469
037 ## - SOURCE OF ACQUISITION
Source of stock number/acquisition DBAD/PUB
082 ## - DEWEY DECIMAL CLASSIFICATION NUMBER
Classification number 362.196998
100 ## - MAIN ENTRY--PERSONAL NAME
Personal name Staples, James
245 ## - TITLE STATEMENT
Title Peculiar people, amazing lives :
Remainder of title leprosy, social exclusion and community making in South India /
Statement of responsibility, etc by James Staples
260 ## - PUBLICATION, DISTRIBUTION, ETC. (IMPRINT)
Place of publication, distribution, etc New Delhi
Name of publisher, distributor, etc Orient Longman
Date of publication, distribution, etc 2007
270 ## - ADDRESS
Address 1/24, Asaf Ali Road
City New Delhi
Postal code 110002
300 ## - PHYSICAL DESCRIPTION
Extent xv, 290p.
Dimensions 23cm.(Hb)
500 ## - GENERAL NOTE
General note includes bibliographical references and index
942 ## - ADDED ENTRY ELEMENTS (KOHA)
Source of classification or shelving scheme Dewey Decimal Classification
Item type English Books
Classification part 362.196998
Call number suffix STA
Holdings
Withdrawn status Lost status Not for loan Collection code Home library Current library Date acquired Source of acquisition Cost, normal purchase price Full call number Barcode Copy number Cost, replacement price Koha item type
      Non-fiction Central Library Central Library 02/03/2012 Blueberry Books/7045/29.09.2011/06/15.09.2011/9.11.11 675.00 362.196998 STA B-446465 1 675.00 English Books
    Not For Loan Non-fiction D.B.Act.Division D.B.Act.Division 24/07/2010 DBAD/PUB 650.00 362.196998 STA EN-79995 1 650.00 English Books
      Non-fiction Karol Bagh Karol Bagh 02/03/2012 Blueberry Books/7045/29.09.2011/06/15.09.2011/9.11.11 675.00 362.196998 STA B-446468 1 675.00 English Books
      Non-fiction Patel Nagar Patel Nagar 02/03/2012 Blueberry Books/7045/29.09.2011/06/15.09.2011/9.11.11 675.00 362.196998 STA B-446466 1 675.00 English Books
      Non-fiction Sarojini Nagar Sarojini Nagar 02/03/2012 Blueberry Books/7045/29.09.2011/06/15.09.2011/9.11.11 675.00 362.196998 STA B-446467 1 675.00 English Books
      Non-fiction Shahdara Branch Shahdara Branch 02/03/2012 Blueberry Books/7045/29.09.2011/06/15.09.2011/9.11.11 675.00 362.196998 STA B-446469 1 675.00 English Books

© Delhi Public Library
Hit Counter
free hit counter